Estadísticas para Artistas en Benidorm Fest (2022-2024)

Haz click aquí para intentar la prueba.

Estadísticas generales

  • Esta prueba ha sido intentada 32 veces
  • La puntuación promedio es 21 de 48

Estadísticas de respuestas

Benidorm Fest 2022% Correcto
Chanel
100%
Rigoberta Bandini
88%
Blanca Paloma
83%
Blanca Paloma
83%
Nebulossa
83%
Tanxugueiras
83%
Agoney
75%
Almácor
67%
Miss Caffeina
63%
Angy Fernández
58%
Jorge González
58%
Sofía Coll
58%
Vicco
58%
Alfred García
54%
Lérica
54%
Megara
54%
Mantra
50%
Azúcar Moreno
46%
Famous
46%
María Pelae
46%
Rayden
46%
st. Pedro
46%
Marta Sango
42%
Roger Padrós
38%
Sofía Martín
38%
Dellacruz
33%
Fusa Nocta
33%
Karmento
33%
MARLENA
33%
Varry Brava
33%
Quique Niza
29%
Sara Deop
29%
Xeinn
29%
Yoly Saa
29%
Alice Wonder
25%
José Otero
25%
Noan
25%
Twin Melody
25%
Aritz Arén
21%
Luna Ki
21%
Rakky Ripper
21%
Sharonne
21%
E'Femme
17%
Meler
17%
Unique
17%
Gonzalo Hermida
13%
Javiera Mena
8%
Siderland
8%

Distribución de puntuación

Porcentaje por número respondido

Porcentaje de gente con cada puntuación

Historial de tus puntuaciones

No has intentado esta prueba.